| 000 | 00914nam1a2200265 i 4500 | ||
|---|---|---|---|
| 001 | RU\NLR\ONL1\14442 | ||
| 005 | 20241118134433.0 | ||
| 035 | _a(NLR Aleph) 009643183 | ||
| 090 |
_a9554748 _c9554748 |
||
| 100 | _a20090528d1933 d||y0rusy50 ca | ||
| 101 | 0 | _amyv | |
| 102 | _aRU | ||
| 105 | _ay ||||||||| | ||
| 200 | 1 |
_aЭрзянь келень грамматика _eсред. школасо тонавтнема книга _fА. П. Рябов |
|
| 210 |
_aМ. _cУчпедгиз _d1933 |
||
| 215 | _d23 | ||
| 541 | 1 |
_aГрамматика мордовского языка _eучеб. для сред. школы _zrus |
|
| 606 | 0 |
_aЭрзянский язык _91650160 _3RU\NLR\auth\66730328 |
|
| 686 | 1 | _aШ166.311-922 | |
| 700 | 1 |
_aРябов _bА. П. _gАнатолий П _4070 |
|
| 801 | 0 |
_aRU _bNLR _c20090528 _gPSBO |
|
| 852 |
_aNLR _jМорд.э./3-559 |
||
| 852 |
_aNLR _bОНЛ |
||
| 942 | _cBOOK | ||